000 00456pam a2200157a 44500
008 230515b1997 xxu||||| |||| 00| 0 eng d
020 _aNULL
041 _aENGL
082 _a614 FRC
100 _a","
245 _aAYUSHI(MARATHI AND HINDI)
250 _a0
260 _aBOMBAY
_bFOUNDATION FOR RESEARCH IN COMMUNITY HEALTH
_c1997
300 _aNULL
650 _a"MEDICAL SCIENCES,HEALTH NUTRITION,FEMALE REPRODUCATIVE SYSTEMS,DIESES- ADULT- CHILDREN"
999 _c535262
_d535262